[Event "BCF-chT3 0910 (4NCL)"]
[Site "England"]
[Date "2010.05.03"]
[Round "11.3"]
[White "Booley, Graham"]
[Black "Sathiraju, Vijay"]
[Result "1/2-1/2"]
[WhiteElo "1906"]
[BlackElo "1740"]
[PlyCount "69"]
[EventDate "2009.10.24"]
[EventType "team-tourn"]
[EventRounds "11"]
[EventCountry "ENG"]
[SourceTitle "EXT 2011"]
[Source "ChessBase"]
[SourceDate "2010.11.26"]
[SourceVersion "1"]
[SourceVersionDate "2010.11.26"]
[SourceQuality "1"]
[WhiteTeam "e2e4.org.uk III"]
[BlackTeam "Guildford"]
[WhiteTeamCountry "ENG"]
[BlackTeamCountry "ENG"]

1. e4 e6 2. d4 d5 3. e5 c5 4. c3 Qb6 5. Nf3 Nc6 6. Bd3 Nh6 7. 0-0 cxd4 8. cxd4 Nf5 9. Bxf5 exf5 10. Nc3 Be6 11. Na4 Qb5 12. Be3 b6 13. Rc1 Rc8 14. b3 Ba3 15. Rc2 h6 16. Bc1 Be7 17. Nc3 Qa6 18. a3 0-0 19. b4 Qb7 20. Qd3 a6 21. Ne2 Nb8 22. Rxc8 Rxc8 23. Be3 Qd7 24. Ng3 g5 25. Nh5 Qd8 26. h3 f4 27. Bd2 Rc4 28. Nh2 Nc6 29. Bc3 Qc8 30. Bb2 Bf5 31. Qf3 Be4 32. Qg4 Qxg4 33. Nxg4 Nxd4 34. f3 Bg6 35. Nhf6+ 1/2-1/2

[Event "BCF-chT3 0910 (4NCL)"]
[Site "England"]
[Date "2010.05.01"]
[Round "9.1"]
[White "Sathiraju, Vijay"]
[Black "Baptie, Justin P"]
[Result "1/2-1/2"]
[WhiteElo "1740"]
[BlackElo "2095"]
[PlyCount "132"]
[EventDate "2009.10.24"]
[EventType "team-tourn"]
[EventRounds "11"]
[EventCountry "ENG"]
[SourceTitle "EXT 2011"]
[Source "ChessBase"]
[SourceDate "2010.11.26"]
[SourceVersion "1"]
[SourceVersionDate "2010.11.26"]
[SourceQuality "1"]
[WhiteTeam "Guildford"]
[BlackTeam "Southern Counties Stars"]
[WhiteTeamCountry "ENG"]
[BlackTeamCountry "ENG"]

1. c4 b6 2. Nf3 Bb7 3. Nc3 Nf6 4. g3 e6 5. Bg2 Be7 6. 0-0 0-0 7. Qc2 d6 8. b4 c5 9. bxc5 dxc5 10. Rb1 Nc6 11. a3 Qd7 12. Qa4 Rfd8 13. d3 h6 14. Bb2 Ne8 15. Rfe1 Nd6 16. e4 Bf8 17. Ne2 Nc8 18. Rbd1 N8e7 19. Nf4 Nd4 20. Qxd7 Nxf3+ 21. Bxf3 Rxd7 22. Kg2 Rad8 23. Re3 g6 24. e5 Nf5 25. Ree1 Bxf3+ 26. Kxf3 g5 27. g4 Nh4+ 28. Kg3 Be7 29. Ng2 Rxd3+ 30. Rxd3 Rxd3+ 31. Re3 Rxe3+ 32. Nxe3 Ng6 33. Kf3 Nf4 34. Ke4 Kg7 35. Nf1 Kg6 36. h4 f5+ 37. exf6 Bxf6 38. h5+ Kf7 39. Bc1 Ne2 40. Bd2 Nd4 41. Ne3 Nb3 42. Be1 Ke7 43. f3 Kd7 44. a4 a6 45. Nc2 Kc6 46. Kd3 b5 47. cxb5+ axb5 48. axb5+ Kxb5 49. Na3+ Kc6 50. Ke4 Nc1 51. Nc4 Ne2 52. Ne5+ Kb5 53. Nf7 Bg7 54. Nd6+ Ka4 55. Ne8 Bb2 56. Nc7 Nf4 57. Bd2 Ng2 58. Nxe6 c4 59. Nc5+ Kb5 60. Ne6 c3 61. Nd4+ Kc4 62. Be3 Nxe3 63. Kxe3 Bc1+ 64. Ke4 Bf4 65. Nc2 Kb3 66. Kd3 Kb2 1/2-1/2

[Event "Uxbridge op Major"]
[Site "Uxbridge"]
[Date "2010.03.21"]
[Round "4"]
[White "Banda, Graham"]
[Black "Sathiraju, Vijay"]
[Result "0-1"]
[WhiteElo "1690"]
[BlackElo "1740"]
[PlyCount "82"]
[EventDate "2010.03.19"]
[EventType "swiss"]
[EventRounds "5"]
[EventCountry "ENG"]
[SourceTitle "EXT 2012"]
[Source "ChessBase"]
[SourceDate "2011.11.24"]
[SourceVersion "1"]
[SourceVersionDate "2011.11.24"]
[SourceQuality "1"]

1. e4 e6 2. d4 d5 3. e5 c5 4. c3 Qb6 5. Nf3 Nc6 6. Be2 Nh6 7. a4 Bd7 8. 0-0 cxd4 9. a5 Nxa5 10. b4 Nc4 11. Bxc4 dxc4 12. Nxd4 Nf5 13. Na3 Rc8 14. Nxf5 exf5 15. Be3 Qe6 16. Bxa7 Be7 17. Qf3 Bc6 18. Qf4 b5 19. Nc2 g5 20. Qd2 Rd8 21. Qe2 Qd5 22. Ne3 Qe6 23. Bd4 f4 24. Nc2 Qd5 25. f3 0-0 26. Ra7 Rd7 27. e6 fxe6 28. Rxd7 Bxd7 29. Rd1 Qf5 30. Be5 Be8 31. Nd4 Qg6 32. Bc7 Kf7 33. Qe5 Bd7 34. Nxb5 Bxb5 35. Qxb5 Qc2 36. Qd7 Qxc3 37. b5 Qe3+ 38. Kh1 c3 39. Bd6 Re8 40. Qc7 Qe2 41. Rc1 Qxb5 0-1

[Event "BCF-chT4 0506 (4NCL)"]
[Site "West Bromwich"]
[Date "2006.05.28"]
[Round "10.5"]
[White "Llewellyn, John D"]
[Black "Sathiraju, Vijay"]
[Result "1/2-1/2"]
[WhiteElo "1795"]
[BlackElo "1604"]
[PlyCount "90"]
[EventDate "2005.11.05"]
[EventType "team-tourn"]
[EventRounds "11"]
[EventCountry "ENG"]
[SourceTitle "CBM 109 Extra"]
[Source "ChessBase"]
[SourceDate "2006.01.03"]
[SourceVersion "2"]
[SourceVersionDate "2006.01.03"]
[SourceQuality "1"]
[WhiteTeam "Halesowen"]
[BlackTeam "Conquistadors"]
[WhiteTeamCountry "ENG"]
[BlackTeamCountry "ENG"]

1. e4 e6 2. d4 d5 3. Nd2 Nf6 4. e5 Nfd7 5. Ngf3 c5 6. c4 Nc6 7. cxd5 exd5 8. Bb5 a6 9. Bxc6 bxc6 10. 0-0 Be7 11. Re1 0-0 12. Qe2 Qb6 13. dxc5 Nxc5 14. b3 Qb5 15. Qe3 Qd3 16. Ba3 Qxe3 17. Rxe3 Re8 18. Rc1 Nd3 19. Rxd3 Bxa3 20. Rxc6 Rd8 21. Rdc3 Kf8 22. Rc7 h6 23. Nd4 a5 24. Nc6 Re8 25. Nf3 Bg4 26. Ncd4 Bb2 27. Rd3 Bxd4 28. Rxd4 Bxf3 29. gxf3 Rxe5 30. Rd7 Re1+ 31. Kg2 Re2 32. a4 Rb8 33. R7xd5 Rxb3 34. Rxa5 Rb6 35. Ra8+ Re8 36. Ra7 Rf6 37. a5 g6 38. a6 Re1 39. Ra8+ Kg7 40. a7 Ra1 41. Rdd8 Rfa6 42. Rd7 R1a4 43. Kg3 h5 44. f4 R4a5 45. Re7 Kf6 1/2-1/2

[Event "BCF-chT4 0506 (4NCL)"]
[Site "West Bromwich"]
[Date "2006.05.27"]
[Round "9.6"]
[White "Sathiraju, Vijay"]
[Black "Thacker, Steve M"]
[Result "1/2-1/2"]
[WhiteElo "1604"]
[BlackElo "1785"]
[PlyCount "37"]
[EventDate "2005.11.05"]
[EventType "team-tourn"]
[EventRounds "11"]
[EventCountry "ENG"]
[SourceTitle "CBM 109 Extra"]
[Source "ChessBase"]
[SourceDate "2006.01.03"]
[SourceVersion "2"]
[SourceVersionDate "2006.01.03"]
[SourceQuality "1"]
[WhiteTeam "Conquistadors"]
[BlackTeam "Braille Chess Association"]
[WhiteTeamCountry "ENG"]
[BlackTeamCountry "ENG"]

1. d4 Nf6 2. c4 e6 3. Nf3 Bb4+ 4. Bd2 Bxd2+ 5. Nbxd2 d6 6. g3 b6 7. Bg2 Bb7 8. b4 Nbd7 9. 0-0 0-0 10. Qb3 Qe7 11. Rfe1 c5 12. e4 e5 13. bxc5 dxc5 14. d5 Ne8 15. Nh4 g6 16. Bh3 Nd6 17. a4 Rab8 18. Rab1 Nf6 19. Nhf3 1/2-1/2

[Event "BCF-chT4 0506 (4NCL)"]
[Site "West Bromwich"]
[Date "2006.03.19"]
[Round "8.5"]
[White "Sathiraju, Vijay"]
[Black "Martin, Peter"]
[Result "0-1"]
[WhiteElo "1604"]
[BlackElo "1995"]
[PlyCount "124"]
[EventDate "2005.11.05"]
[EventType "team-tourn"]
[EventRounds "11"]
[EventCountry "ENG"]
[SourceTitle "CBM 109 Extra"]
[Source "ChessBase"]
[SourceDate "2006.01.03"]
[SourceVersion "2"]
[SourceVersionDate "2006.01.03"]
[SourceQuality "1"]
[WhiteTeam "Conquistadors"]
[BlackTeam "Gloucestershire Gambits"]
[WhiteTeamCountry "ENG"]
[BlackTeamCountry "ENG"]

1. d4 Nf6 2. c4 c5 3. d5 b5 4. cxb5 a6 5. Nc3 axb5 6. Bd2 b4 7. Na4 Qa5 8. b3 Nxd5 9. e4 Nb6 10. Nb2 Ba6 11. Be2 Nc6 12. Nf3 Bxe2 13. Qxe2 Qa6 14. Nd3 e6 15. 0-0 c4 16. bxc4 Nxc4 17. Bf4 Be7 18. Rfc1 Nd6 19. Qe3 Nb5 20. Nc5 Qa7 21. e5 Nc3 22. Nb3 Qxe3 23. Bxe3 Ne2+ 24. Kf1 Nxc1 25. Nxc1 f6 26. exf6 Bxf6 27. Rb1 Kf7 28. Bc5 Rhb8 29. Nd2 d5 30. Rb3 Bc3 31. Nf3 h6 32. Ne2 Bf6 33. Nc1 Be7 34. Be3 Ra3 35. Ke2 Na5 36. Rb1 Nc4 37. Bf4 Rc8 38. Ne1 g5 39. Bg3 Nd6 40. f3 Nb5 41. Kd2 Nc3 42. Rb2 Rca8 43. Nc2 R3a4 44. Nd3 Rxa2 45. Ne5+ Ke8 46. Rb3 Nb5 47. Kd3 Rxc2 48. Kxc2 Nd4+ 49. Kb2 Nxb3 50. Kxb3 Ra3+ 51. Kb2 Bf6 52. Kb1 Bxe5 53. Bxe5 Re3 54. Bd6 Kd7 55. Bf8 h5 56. Bh6 Re1+ 57. Kb2 Re2+ 58. Kb3 Rxg2 59. Kxb4 Ke7 60. h3 Kf6 61. f4 g4 62. hxg4 Rxg4 0-1